书目信息 |
| 书名: | PRESIDENT NIXON | |
| 作者: | PRESIDENT KENNEDY | |
| 分册号: | ||
| 分册名: | 出版地: | U.S.A. |
|
| 出版社: | TOUCHSTONE | |
| 出版时间: | 2010 | |
| 页数: | 702p | |
| 开本: | 23cm | |
| 丛书名: | ||
| 中图分类号: | ||
| 科图分类号: | ||
| 其他分类号: | K837.127 | |
| 主题词: | ||
| 电子资源: | ||
| 000 | 00497nam0 2200193 450 | |
| 001 | 052012180820 | |
| 005 | 20121108095722.0 | |
| 008 | 20021229d1997 em y0chiy0121 ea | |
| 020 | @a978-0-7432-2719-3@c$16.00 | |
| 041 | @aeng | |
| 091 | @aK837.127 | |
| 099 | @dK837.127@eP9337 | |
| 100 | @aPRESIDENT KENNEDY | |
| 245 | 10 | @aPRESIDENT NIXON @cPRESIDENT KENNEDY |
| 260 | @aU.S.A.@bTOUCHSTONE@c2010 | |
| 300 | @a702p@c23cm | |
| 521 | @aPRESIDENT NIXON | |
| 905 | @b0010180 | |
| 905 | @aTSG@dK837.127@eP9337 | |
| PRESIDENT NIXON / PRESIDENT KENNEDY.-U.S.A. : TOUCHSTONE , 2010 |
| 702p ; 23cm |
| PRESIDENT NIXON |
| ISBN 978-0-7432-2719-3$16.00 |
| ● |
| 相关链接 |
|
|
|
正题名:PRESIDENT NIXON
索取号:K837.127/P9337
 
预约/预借
| 序号 | 登录号 | 条形码 | 馆藏地/架位号 | 状态 | 备注 |
| 1 | 10180 | 300101805 | 社科库309/309社科库 999排1列2层/ [索取号:K837.127/P9337] | 在馆 |